Statistiken für Beste Premier League Torschützen Tottenham Hotpsur

Klicken Sie hier um das Quiz zu spielen!

Allgemein

  • Dieses Quiz wurde 70 mal gespielt
  • Das Durchschnittsergebnis liegt bei 17 aus 35

Antwortstatistiken

SaisonNationalitätToreSpieler% Korrekt
2022/23England30Harry Kane
100%
2020/21England23Harry Kane
100%
2019/20England18Harry Kane
100%
2018/19England17Harry Kane
100%
2017/18England30Harry Kane
100%
2016/17England29Harry Kane
100%
2015/16England25Harry Kane
100%
2014/15England21Harry Kane
100%
2021/22Südkorea23Heung-min Son
97%
2012/13Wales21Gareth Bale
80%
2007/08Bulgarien15Dimitar Berbatov
65%
2006/07Bulgarien12Dimitar Berbatov
65%
2013/14Togo11Emmanuel Adebayor
59%
2003/04Irland14Robbie Keane
56%
2005/06Irland16Robbie Keane
56%
2007/08Irland15Robbie Keane
56%
1994/95Deutschland20Jürgen Klinsmann
50%
1997/98Deutschland9Jürgen Klinsmann
50%
2010/11Niederlande13Rafael van der Vaart
38%
2011/12Niederlande11Rafael van der Vaart
38%
2004/05England13Jermain Defoe
30%
2011/12England11Jermain Defoe
30%
2009/10England18Jermain Defoe
30%
1992/93England21Teddy Sheringham
21%
2002/03England12Teddy Sheringham
21%
1993/94England14Teddy Sheringham
21%
2001/02England10Teddy Sheringham
21%
1995/96England16Teddy Sheringham
21%
1996/97England7Teddy Sheringham
21%
2008/09England12Darren Bent
9%
2000/01England10Les Ferdinand
3%
1998/99Norwegen9Steffen Iversen
3%
1999/00Norwegen14Steffen Iversen
3%
1999/00England14Chris Armstrong
0%
2001/02Uruguay10Gustavo Poyet
0%

Verteilung der Resultate

Perzentil nach korrekt beantworteten Fragen

Anzahl Personen mit jedem Resultat

Ihre Resultats-Entwicklung

Sie haben dieses Quiz noch nicht gespielt